Bromberg in den Werken deutschsprachiger Schriftsteller
| Titel: | Bromberg in den Werken deutschsprachiger Schriftsteller : autobiographische Reflexionen über die Stadt / Elżbieta Nowikiewicz |
|---|---|
| Verfasser: | |
| In: |
Convivium, (2008), Seite 119-141 alle Artikel anzeigen |
| Veröffentlicht: | 2008 |
| Format: | Aufsatz |
| Sprache: | Deutsch |
X
alg: 20859743 001A $04504:29-01-09 001B $01999:14-03-19 $t22:35:38.000 001C $00030:30-04-09 $t13:57:10.000 001D $04504:29-01-09 001U $0utf8 001X $00 002@ $0Aou 003@ $0208597433 007A $0208597433 $aHEB 010@ $ager 011@ $a2008 021A $aBromberg in den Werken deutschsprachiger Schriftsteller $dautobiographische Reflexionen über die Stadt $hElżbieta Nowikiewicz 028A $7 $8Nowikiewicz, Elżbieta [Tnd] $9284017760 031A $h119-141 $j2008 039B $aIn $8--Abvc--. Convivium. - Łódź : Verlag der Universität Lodz, 1994-. - ISSN 2196-8403 $x200800000000000881 $9048657417 044K $RBromberg $#Bromberg $#Bromberg $#Bydgoszsz $#Bromberg Bydgoszcz $74008333-0 $8Bydgoszcz [Tg1] $9085014478 044K $#Pfannenschmidt-Burow, Julie $#Burow, Julie Pfannenschmidt- $#Pfannenschmidt Burow, Julie $#Pfannenschmidt$#Frau Pfannenschmidt $#Burow, Julie $7116142855 $8Pfannenschmidt, Julie$Z1804-1868 [Tp1] $9150140983 044K $#Rochequete, O. $7119034883 $8Roquette, Otto$Z1824-1896 [Tp1] $9087375141 044K $RPlaten, Sigelind $#Platen, Leontine von Winterfeld- $#Winterfeld Platen, Leontine von $#Platen, Leontine von W.- $#Platen, Leontine von $#Winterfeld-Platen, Leontine v. $7117410624 $8Winterfeld-Platen, Leontine$cvon$Z1883-1960 [Tp1] $9151202575 044K $#Wollschläger, Alfred $#Wollschläger, Alfred Ernst Johann $#Wollschlaeger, Alfred E. $#Johann, Alfred Ernst $#Johann, A.E. $#Johann, A. E. $#Wollschläger, Alfred Ernst $#Fischer, Carl Matthias $#Wollschläger, Alfred E. $#Wollschläger, Alfred $#Johann, Alfred Ernst $7104279702 $8Johann, Alfred E.$Z1901-1996 [Tp1] $9139543155 045T $a7,20 $a7,20 045T $aAVL $qDE-30 $2FID 045T $aGER $qDE-30 $2FID 045V $aPfannenschmidt, Julie $815.15.00$jZu einzelnen Autoren [Tkx] $9118843672 045V $aRoquette, Otto $815.15.00$jZu einzelnen Autoren [Tkx] $9118843672 045V $aWinterfeld-Platen, Leontine von $817.18.00$jZu einzelnen Autoren [Tkx] $9118843737 045V $aJohann, Alfred E. $818.14.00$jZu einzelnen Autoren [Tkx] $911884380X lok: 20859743 62 exp: 20859743 62 1 #EPN 201B/01 $029-01-09 $t22:23:03.000 203@/01 $0566571528 208@/01 $a29-01-09 $be 209A/01 $a/ $f000 $x00 209B/01 $a2009 $x05 247C/01 $8Frankfurt, Bibliographie der Deutschen Sprach- und Literaturwissenschaft $9113214561 201U/01 $0utf8 lok: 20859743 78 exp: 20859743 78 1 #EPN 201B/01 $014-03-19 $t14:41:17.000 201C/01 $014-03-19 201U/01 $0utf8 203@/01 $01048389634 208@/01 $a14-03-19 $be 209A/01 $a/ $f000 $x00 209A/01 $ab*p $x01 220C/01 $aeja 244Z/01 $#Generalgouvernement Polen $#Polska $#Rzeczpospolita Polska $#Polska Rzeczpospolita Ludowa $#Poland $#Pologne $#République Polonaise $#Generalne Gubernatorstwo w Polsce $#Polish People's Republic $#Polska Rzeczpospolita Polen $#PRL $#RP $#Polen Generalgouvernement $#Polska Generalgouvernement $#Besetzte Polnische Gebiete $#Besetztes Gebiet in Polen $#Okupowane Polskie Obszary $#Obszary Okupowane w Polsce $#Volksrepublik Polen $#Polska Rosyjska $#Republic Polen $#Respublika Pol'ša $#Pol'skaja Narodnaja Respublika $#République de Pologne $#Polen Links der Weichsel $#Polska po Lewej Stronie Wisły $#Lenkija $#Polija $#Gubernija Carstva Pol'skago $#Republik Polen $74046496-9 $8--Tg1--Polen $x01 $9085129801 244Z/01 $#Wielkopolska $#Polonia Maior $#Greater Poland $#Velkopolsko $#Grande-Pologne $#Nagy-Lengyelország $74223407-4 $8--Tg1--Großpolen $x09 $9086156667 247C/01 $82080>Marburg/Lahn, Herder-Institut, Forschungsbibliothek, Bibliographieportal $9336309341
| LEADER | 00000caa a2200000 c 4500 | ||
|---|---|---|---|
| 001 | 208597433 | ||
| 003 | DE-603 | ||
| 005 | 20190314223538.0 | ||
| 007 | tu | ||
| 008 | 090129s2008 xx |||| | u00||u|ger c | ||
| 035 | |a (DE-599)HEB208597433 | ||
| 040 | |a DE-603 |b ger |c DE-603 |d DE-603 | ||
| 041 | |a ger | ||
| 084 | |a 7,20 |a 7,20 |2 ssgn | ||
| 084 | |a AVL |q DE-30 |2 fid | ||
| 084 | |a GER |q DE-30 |2 fid | ||
| 100 | 1 | |a Nowikiewicz, Elżbieta |0 (DE-603)284017760 | |
| 245 | 0 | 0 | |a Bromberg in den Werken deutschsprachiger Schriftsteller |b autobiographische Reflexionen über die Stadt |c Elżbieta Nowikiewicz |
| 264 | 0 | |c 2008 | |
| 600 | 1 | 7 | |a Pfannenschmidt, Julie |d 1804-1868 |0 (DE-588)116142855 |0 (DE-603)150140983 |2 gnd |
| 600 | 1 | 7 | |a Roquette, Otto |d 1824-1896 |0 (DE-588)119034883 |0 (DE-603)087375141 |2 gnd |
| 600 | 1 | 7 | |a Winterfeld-Platen, Leontine von |d 1883-1960 |0 (DE-588)117410624 |0 (DE-603)151202575 |2 gnd |
| 600 | 1 | 7 | |a Johann, Alfred E. |d 1901-1996 |0 (DE-588)104279702 |0 (DE-603)139543155 |2 gnd |
| 651 | 7 | |a Bydgoszcz |0 (DE-588)4008333-0 |0 (DE-603)085014478 |2 gnd | |
| 773 | 0 | 8 | |i In |t Convivium |d Łódź : Verlag der Universität Lodz, 1994- |x 2196-8403 |g (2008), Seite 119-141 |w (DE-603)048657417 |w (DE-600)1221798-0 |
| 924 | 0 | |9 603 |a (DE-603)566571528 |b DE-603 |c HES |d d | |
| 924 | 0 | |9 2080 |a (DE-603)1048389634 |b DE-2080 |c HES |d d |g / | |


